000
003370000a22001570004500
003
MACL
040
_a
MACL
090
_c
6655
_d
6654
100
_a
Thomas, Vernon
245
_a
The Story of Jesus Christ
260
_b
Hemkunt Press
_c
1987
350
_a
30
650
_a
Childern's Book
942
_c
BOOK
_k
741.642
951
_o
741.642 BOOK
999
_c
6607
_d
6607